All the severall ordinances and orders made by the Lords and Commons assembled in Parliament concerning sequestring the estates of delinquents, papists, spyes and intelligencers : together with instructions for such persons as are imployed in sequestring of such delinquents estates : very useful for those whom it doth or may concerne.

Bibliographic Details
Corporate Author: England and Wales
Format: Microform Book
Language:English
Series:Early English books, 1641-1700 ; 737:15.
Subjects:

MARC

Tag First Indicator Second Indicator Subfields
LEADER 00000cam a2200000 a 4500
001 in00000951221
005 20150926130039.0
007 hd afv|||baca
008 860111s1646 miu al 00000 eng d
035 |a (OCoLC)13011415 
035 |9 AET3708AM 
037 |a CL0037000022  |b UMI 
037 |b University Microfilms International, 300 N. Zeeb Road, Ann Arbor, MI 48106. 
040 |a EAA  |c EAA  |d UtOrBLW 
043 |a e-uk-en 
045 0 |b d1646 
049 |a TXAI 
099 |a film   |a  B   |a  3609 
110 1 |a England and Wales. 
240 1 0 |a Laws, etc. 
245 1 0 |a All the severall ordinances and orders made by the Lords and Commons assembled in Parliament concerning sequestring the estates of delinquents, papists, spyes and intelligencers :  |b together with instructions for such persons as are imployed in sequestring of such delinquents estates : very useful for those whom it doth or may concerne. 
264 3 |a London :  |b Printed for Ed. Husband ...,  |c 1646. 
300 |a 56 pages 
336 |a text  |b txt  |2 rdacontent 
337 |a microform  |b h  |2 rdamedia 
338 |a microfilm reel  |b hd  |2 rdacarrier 
500 |a Marginal notes. 
500 |a Reproduction of original in Huntington Library. 
510 4 |a Wing  |c E1206 
533 |a Microfilm.  |b Ann Arbor, Mich. :  |c University Microfilms,  |d 1977.  |e 1 microfilm reel. 35 mm.  |f (Early English books, 1641-1700 ; 737:15) 
500 |a Microform. 
650 0 |a Attachment and garnishment  |z England. 
650 0 |a Church and state  |z England. 
651 0 |a Great Britain  |x History  |y Civil War, 1642-1649. 
651 0 |a Great Britain  |x Politics and government  |y 1642-1649. 
830 0 |a Early English books, 1641-1700 ;  |v 737:15. 
999 |a MARS 
999 f f |s 1c03c9d9-7bc8-3c49-9564-64be7ef503e3  |i 24dc71ab-f6b6-3195-841a-21cc6578b4c8  |t 0 
952 f f |p default  |a Texas A&M University  |b College Station  |c Sterling C. Evans Library  |d Evans: Microforms (3rd floor)  |t 0  |e film B 3609 737:15  |h Other scheme  |i microform -- microfilm reel 
998 f f |a film B 3609 737:15  |t 0  |l Evans: Microforms (3rd floor)